000 00425cam a22001217a 4500
008 180718b1965 xxu||||| |||| 00| 0 eng d
082 _aA81x54 In2/61/13/Pt6/43
100 _aCensus of India 1961
245 _aPunjab: village survey monographs, Kalath: a village in Simla district
260 _aDelhi
_bThe Manager of Publications
_c1965
300 _a83+p.
440 _aCensus of India 1961. Volume XIII, Punjab. Part VI-No.43
999 _c484438
_d484438